| Tag |
First Indicator |
Second Indicator |
Subfields |
| LEADER |
00000cam a2200000 a 4500 |
| 001 |
in00000081116 |
| 005 |
20151008055419.0 |
| 008 |
810128s1980 ctu b s00010 engm |
| 010 |
|
|
|a 80623844
|
| 020 |
|
|
|a 0931176786 (pbk.)
|
| 035 |
|
|
|a (OCoLC)06592791
|
| 035 |
|
|
|9 AAJ3401AM
|
| 040 |
|
|
|a DLC
|c DLC
|d m.c.
|d TXA
|d UtOrBLW
|
| 043 |
|
|
|a n-us-ct
|
| 049 |
|
|
|a TXAM
|c [1502298]
|
| 050 |
0 |
0 |
|a HD251
|b .R283 no. 32
|a LB2826.C8
|
| 082 |
0 |
|
|a 379.1/222/09746
|2 19
|
| 100 |
1 |
|
|a McEachern, William A.
|
| 245 |
1 |
3 |
|a An analysis of Connecticut's 1979 school finance formula /
|c by William A. McEachern.
|
| 264 |
|
1 |
|a Storrs, Conn. :
|b Center for Real Estate and Urban Economic Studies, School of Business Administration, University of Connecticut,
|c [1980]
|
| 264 |
|
4 |
|c ©1980
|
| 300 |
|
|
|a 91, 11 pages ;
|c 28 cm.
|
| 336 |
|
|
|a text
|b txt
|2 rdacontent
|
| 337 |
|
|
|a unmediated
|b n
|2 rdamedia
|
| 338 |
|
|
|a volume
|b nc
|2 rdacarrier
|
| 490 |
1 |
|
|a Real estate report,
|x 0079-9890 ;
|v no. 32
|
| 504 |
|
|
|a Bibliography: pages 83-91.
|
| 650 |
|
0 |
|a Education
|z Connecticut
|x Finance.
|
| 650 |
|
0 |
|a Property tax
|z Connecticut.
|
| 830 |
|
0 |
|a Real estate reports ;
|v no. 32.
|
| 999 |
|
|
|a MARS
|
| 999 |
f |
f |
|s 3205ac57-e911-35fd-a756-44e2a097686e
|i 755593b4-9f7d-3cf6-94d4-b7553f12dd31
|t 0
|
| 952 |
f |
f |
|p ric
|a Texas A&M University
|b Rellis Campus
|c Joint Library Facility
|d Remote Storage
|t 0
|e HD251 .R283 no. 32
|h Library of Congress classification
|i unmediated -- volume
|m A14806125295
|
| 998 |
f |
f |
|a HD251 .R283 no. 32
|t 0
|l Remote Storage
|